000 00786cab a2200229 4500
001 WB3044-65
008 090401t1994 xxu||||| |||| 00| 0 eng d
035 _a(Sirsi) u10538
041 _aeng
245 _aSold boards
260 _c1994
350 _a0
490 _aOFT Press Release
_v(47/94) 16 November 1994 (2)
520 _aThe Director General of Fair Trading has accepted assurances from Connell Residential, and from the manager of the company`s Cambridge branch, that they will stop erecting `Sold` boards outside properties where no sale has taken place.
650 _aESTATE AGENTS
650 _aFOR SALE BOARDS
650 _aOFT
650 _aSOLD BOARDS
690 _aMANAGEMENT-BUSINESS MANAGEMENT-PROFESSIONAL PRACTICE
942 _n0
948 _c04/03/1997
999 _c6662
_d6662